|
|
|
|
| LEADER |
00000nab a2200000 4500 |
| 005 |
20160317155824.0 |
| 008 |
150617b2000 cr f|||| |||| 00| 0 spa d |
| 090 |
|
|
|a REVIS 06.02.01
|
| 100 |
1 |
|
|9 197
|a Bolaños González, Jimmy
|
| 245 |
1 |
4 |
|a Los nombramientos interinos de docentes en la jurisprudencia constitucional /
|c Jimmy Bolaños González
|
| 260 |
|
|
|a San José, Costa Rica :
|b Editorial Universidad de Costa Rica,
|c 2000
|
| 300 |
|
|
|a páginas 61-69
|
| 520 |
|
|
|a La situación laboral en el sector público educativo, en relación con los miles de servidores que imparten lecciones en los centros educativos del Ministerio de Educación Pública es ampliamente tratada a la luz de una amplia sistematización y cita de las resoluciones de la Sala Constitucional emitidas por cientos en los últimos años. Se analiza el marco jurídico general que regula la posibilidad de sustituir a un interino versus el derecho fundamental al trabajo y a la estabilidad garantizadas por los numerales 56 y 192 de la Carta Magna respectivamente. Se procura contemplar la amplia casuística que puede existir, con el fin de contribuir a la certeza y seguridad jurídica que ha de imperar en todo el ordenamiento jurídico, de modo que pueda salirse al paso de arbitrariedades y abusos, no solo de las autoridades de la cartera ministerial como patrono sino incluso de los mismos docentes que acuden a la vía de amparo en algunos casos en forma temeraria tan solo para alargar sus nombramientos mientras el Tribunal Constitucional resuelve su caso
|
| 650 |
1 |
4 |
|9 1
|a EDUCACIÓN
|
| 773 |
0 |
|
|d San José, Costa Rica : Editorial de la Universidad de Costa Rica, 1997-
|o R0026
|t EDUCACIÓN: Revista de la Universidad de Costa Rica
|g Vol.24, no.2 (2000)
|
| 942 |
|
|
|h REVIS 06.02.01
|2 z
|c 10
|
| 999 |
|
|
|c 2680
|d 2680
|